Sports Quiz

Random Sports or Basketball Quiz

Big West Quiz Stats

 Plays Quiz Updated Oct 19, 2016

Also try: Big East
Challenge
Share
Tweet
Embed
Score 0/18 Timer 05:00
0 Plays Today
% Correct
UC Irvine
69.7%
UC Santa Barbara
65.9%
UC Davis
63.5%
Hawai'i
62.7%
Cal State Fullerton
62.2%
Long Beach State
60.2%
Cal Poly
59.3%
UC Riverside
56.1%
Anteaters
50.5%
% Correct
Cal State Northridge
49.6%
Rainbow Warriors
49.5%
Titans
48.4%
Gauchos
46.2%
49ers
43.9%
Mustangs
43.8%
Aggies
40.6%
Matadors
36.5%
Highlanders
32.4%

You're not logged in!

Compare scores with friends on all Sporcle quizzes.
OR
Log In

You Might Also Like...

Show Comments

Extras

Top Quizzes Today


Score Distribution

Your Account Isn't Verified!

In order to create a playlist on Sporcle, you need to verify the email address you used during registration. Go to your Sporcle Settings to finish the process.

Report this User

Report this user for behavior that violates our Community Guidelines.

Details: